000 00839nam a2200229Ia 4500
003 GCL
008 140319s9999 xx 000 0 ara d
020 _a7333208977
040 _aGCL /
_cGCL
082 0 4 _a780.92
_bا م
100 1 _aادوارد حليم
245 1 0 _aمحمد عبدالوهاب :
_bسبعون عاما من الابداع فى تاليف الوسيقى والتلحين والغناء /
_cادوارد حليم
250 _aالاولى
260 _aالقاهرة :
_bمكتبة مدبولى ،
_c2001
300 _a237 ص:
_bايض ؛
_c24 سم
650 0 4 _aالموسيقيون المصريون
650 0 4 _aالفنانون المصريون
650 0 4 _aالمطربون والمطربات
650 0 4 _aمحمد عبدالوهاب
650 0 4 _aالموسيقى العربية
942 _2ddc
_cBK
999 _c58737
_d58737